Presidents speak to the nation : (Record no. 136887)
[ view plain ]
| 000 -LEADER | |
|---|---|
| fixed length control field | 00917nam a2200217 4500 |
| 010 ## - LIBRARY OF CONGRESS CONTROL NUMBER | |
| LC control number | B-031634 |
| 020 ## - INTERNATIONAL STANDARD BOOK NUMBER | |
| International Standard Book Number | 8123009291 |
| Terms of availability | 350.00 |
| 035 ## - SYSTEM CONTROL NUMBER | |
| System control number | B-031634 |
| 037 ## - SOURCE OF ACQUISITION | |
| Source of stock number/acquisition | Cen Lib / Ret |
| 040 ## - CATALOGING SOURCE | |
| Original cataloging agency | DPL |
| Language of cataloging | EN |
| 082 ## - DEWEY DECIMAL CLASSIFICATION NUMBER | |
| Classification number | 080 |
| Item number | PRE |
| 110 ## - MAIN ENTRY--CORPORATE NAME | |
| Subordinate unit | India. Ministry of Information and Broadcasting. Publications Division. |
| 245 ## - TITLE STATEMENT | |
| Title | Presidents speak to the nation : |
| Remainder of title | republic day speeches 1950-2000 / |
| Statement of responsibility, etc | by India. Ministry of Information and Broadcasting. Publications Division. |
| 260 ## - PUBLICATION, DISTRIBUTION, ETC. (IMPRINT) | |
| Place of publication, distribution, etc | Delhi |
| Name of publisher, distributor, etc | Publications Division, Ministry of Information and Broadcasting, Govt. of India |
| Date of publication, distribution, etc | 2000 |
| 270 ## - ADDRESS | |
| Address | Publications Division, Ministry of Information and Broadcasting, Govt. of India |
| City | Delhi |
| 300 ## - PHYSICAL DESCRIPTION | |
| Extent | 257p : |
| Other physical details | ill ; |
| Dimensions | 27cm(Hb) |
| 650 ## - SUBJECT ADDED ENTRY--TOPICAL TERM | |
| Topical term or geographic name as entry element | Presidents -- India. |
| 650 ## - SUBJECT ADDED ENTRY--TOPICAL TERM | |
| Topical term or geographic name as entry element | Speeches, addresses, etc. |
| 650 ## - SUBJECT ADDED ENTRY--TOPICAL TERM | |
| Topical term or geographic name as entry element | India -- Politics and government -- 1947- |
| 942 ## - ADDED ENTRY ELEMENTS (KOHA) | |
| Source of classification or shelving scheme | Dewey Decimal Classification |
| Koha item type | English Books |
| Classification part | 080 |
| Call number suffix | PRE |
| Withdrawn status | Lost status | Damaged status | Not for loan | Home library | Current library | Date acquired | Source of acquisition | Cost, normal purchase price | Total Checkouts | Full call number | Barcode | Date last seen | Copy number | Cost, replacement price | Price effective from | Koha item type |
|---|---|---|---|---|---|---|---|---|---|---|---|---|---|---|---|---|
| Central Library | Central Library | 11/03/2016 | Cen Lib/Ret | 350.00 | 080 PRE | B-031634 | 11/03/2016 | 1 | 350.00 | 11/03/2016 | English Books |
